| 000 | 00863cab a2200253 4500 | ||
|---|---|---|---|
| 001 | WB2817-32 | ||
| 008 | 090401t1992 xxu||||| |||| 00| 0 eng d | ||
| 035 | _a(Sirsi) u49177 | ||
| 041 | _aeng | ||
| 245 | _aRights to light | ||
| 260 | _c1992 | ||
| 350 | _a0 | ||
| 490 |
_aEstates Gazette _v(9215) 18 April 1992, 89(1) |
||
| 520 | _aCaselaw suggests that to be effective, a claim against the obstruction of a right to light must be made vigorously, with no indication of tolerance, and proceedings should be undertaken preferably within the first year of the dispute. | ||
| 650 | _aDANCE V TRIPLOW | ||
| 650 | _aDAVIES V DU PAVER | ||
| 650 | _aGLOVER V COLEMAN | ||
| 650 | _aOBSTRUCTION | ||
| 650 | _aPRESCRIPTION ACT 1832 S20 | ||
| 650 | _aRIGHTS TO LIGHT | ||
| 690 | _aHIGHWAYS RIGHTS OF WAY AND EASEMENTS | ||
| 942 | _n0 | ||
| 948 | _c04/03/1997 | ||
| 999 |
_c30786 _d30786 |
||